Manchester City 2018/2019 squad - Statistics

General Stats
  • This quiz has been taken 59 times
  • The average score is 19 of 25
Answer Stats
Country kit number player % Correct
Brazil #31 Ederson
96%
Chile #1 Claudio Bravo
93%
Belgium #17 Kevin De Bruyne
89%
Portugal #20 Bernardo Silva
88%
Spain #21 David Silva
88%
Brazil #25 Fernandinho
88%
Argentina #30 Nicolas Otamendi
88%
Argentina #10 Sergio Aguero
88%
Belgium #4 Vincent Kompany
88%
France #14 Aymeric Laporte
86%
Germany #8 Ilkay Gundogan
86%
England #5 John Stones
86%
England #7 Raheem Sterling
86%
England #2 Kyle Walker
84%
Algeria #26 Riyad Mahrez
84%
England #47 Phil Foden
82%
Germany #19 Leroy Sane
80%
Ukraine #35 Oleksandr Zinchenko
80%
France #22 Benjamin Mendy
79%
Brazil #33 Gabriel Jesus
79%
Brazil #3 Danilo
68%
England #18 Fabian Delph
55%
France #15 Eliaquim Mangala
46%
Kosovo #49 Arijanet Murić
39%
Netherlands #34 Philippe Sandler
25%
No matching quizzes found
Score Distribution
Percent of People with Each Score
Percentile by Number Answered
Your Score History
You have not taken this quiz